Statistics for Natasha, Pierre and the Great Comet of 1812 - Pierre - Missing Lyrics

Click here to take the quiz!

General Stats

  • This quiz has been taken 34 times
  • The average score is 48 of 52

Answer Stats

CharacterLine% Correct
And for no {obvious} reason
100%
And I sit at home and {read}
100%
'Cos I'm married but not in {love}
100%
'Cos it's {open} to all, O-Oh Pierre
100%
'Cos it's {open} to all, O-Oh Pierre
100%
He is charming; he has no {sex}
100%
His {purse} is always empty
100%
His {purse} is always empty
100%
Hours at a {time}
100%
PierreI {drink} too much
100%
I {never} thought that I'd end up like this
100%
PierreIt's {dawned} on me suddenly
100%
I used to be {better}
100%
I used to be {better}, I used to be {better}, I used to be {better}
100%
I used to be {better}, I used to be {better}, I used to be {better}
100%
Just one of a hundred {sad}, old men
100%
Just one of a hundred {sad}, old men
100%
Living out their final days in {Moscow}
100%
Living out their final days in {Moscow}
100%
Only the {skeleton} remains
100%
That I {can't} go on living as I am
100%
Our most dear, most {kind}, most smart and eccentric
96%
Our most dear, most {kind}, most smart and eccentric
96%
The {zest} of life has vanished
96%
And the women, they all {pity} me
93%
Drowning in {wine}
93%
"Oh, I'll sort it out {later}", but {later} never comes
93%
Warm-{hearted} Russian of the old-school
93%
Warm-{hearted} Russian of the old-school
93%
Believing in goodness and {truth}
89%
Good, {Russian} men
89%
Hours at my {screen}
89%
I pity you, I pity {me}, I pity you
89%
I pity you, I pity {me}, I pity you
89%
EnsembleO-Oh Pierre, our merry, feasting {crank}!
89%
O-Oh Pierre, our merry, feasting {crank}!
89%
Right now, my friend fights and {bleeds}
89%
PierreThere's a {ringing} in my head
89%
Unexpectedly {vile}
89%
And everyone knows but {pretends} that they don't see
86%
And how many men {before}
86%
And left it toothless and {bald}?
86%
Entered that door with all their {teeth} and hair
86%
{Frozen} at the centre
86%
Abandoned to {distraction} in order to forget we waste our lives
82%
I'm {different} from you!
82%
I'm {different} from you!
82%
I still want to do {something}!
79%
Or do you {struggle} too?
79%
{Satisfied} with your place
79%
There's a {sickness} in the world
79%
You empty and {stupid} contented fellows
75%

Score Distribution

Percentile by Number Answered

Percent of People with Each Score

Your Score History

You have not taken this quiz